| 000 | 01963nam0a2200409 4500 | ||
|---|---|---|---|
| 001 | RU\NLR\BIBL_A\012751016 | ||
| 005 | 20220518140853.0 | ||
| 010 |
_a978-5-7151-0570-7 _9500 |
||
| 021 |
_aRU _bКН-П-21-092292 _9КН-П-21-7362 |
||
| 035 | _a(NLR Aleph) 012751016 | ||
| 035 | _a(RuMoRGB)010936694 | ||
| 090 |
_a13032015 _c13032015 |
||
| 100 | _a20220405d2021 u y0rusy50 ca | ||
| 101 | 0 |
_arus _aeng |
|
| 102 | _aRU | ||
| 105 | _ay z 000zy | ||
| 181 | 0 |
_ai _baxxe |
|
| 182 | 0 | _an | |
| 200 | 1 |
_aАллерген-специфическая иммунотерапия у детей (на правах руководства) _eсогласительный документ Ассоциации детских аллергологов и иммунологов России _fАндронова Е. А., Куропаткина, Е. А., Ларькова И. А. [и др.] |
|
| 203 |
_aТекст _bвизуальный _cнепосредственный |
||
| 210 |
_aМосква _cАДАИР _d2021 |
||
| 215 |
_a197 с. _cтабл. _d30 |
||
| 300 | _aАвт. указаны на обороте тит. с. | ||
| 300 | _aТекст рус., англ. | ||
| 320 | _aБиблиогр. в конце разд. | ||
| 606 | 1 |
_aАллергические болезни детей _xИммунотерапия аллерген-специфическая _jРуководства, пособия и т.п _2nlr_sh2 _3RU\NLR\AUTH\6601705122 |
|
| 675 |
_a616-056.3-053.2 _v4 |
||
| 686 | 1 | _aР733.41,2-53я77 | |
| 701 | 1 |
_aАндронова _bЕ. А. |
|
| 701 | 1 |
_aКуропатникова _bЕ. А. |
|
| 701 | 1 |
_aЛарькова _bИ.А. _gИнна Анатольевна |
|
| 712 | 0 | 2 |
_aАссоциация детских аллергологов и иммунологов России _3RU\NLR\AUTH\8810145276 _4475 |
| 942 | _cBOOK | ||
| 980 | _aNB | ||